Computational models of argument : Proceedings of COMMA 2010 /

Guardado en:
Autor Principal: Prieto Baroni.
Formato: Libro
Idioma:Undetermined
Publicado: Amsterdam : Ios Press, c2010.
Series:Frontiers in Artificial Intelligence and Aplications ; 216
Materias:
Etiquetas: Agregar Etiqueta
Sin Etiquetas, Sea el primero en etiquetar este registro!
LEADER 00817nam a22002175a 4500
001 DCC.dcic000892
008 130319s2010####xx#a#####b####000#0#und#d
005 20151130145606.0
245 1 0 |a Computational models of argument :  |b Proceedings of COMMA 2010 /  |c Piero Baroni...[et al.]. 
260 |a Amsterdam :  |b Ios Press,  |c c2010. 
300 |a xi, 488 p. :  |b il. ;  |c 24 cm. 
490 1 |a Frontiers in Artificial Intelligence and Applications ;  |v 216 
504 |a Includes index. 
020 |a 9781607506188 
020 |a 9781607506195 
100 1 |a Prieto Baroni. 
830 0 |a Frontiers in Artificial Intelligence and Aplications ;  |v 216 
082 0 4 |a 006.301/13  |2 22 
650 0 |a Artificial intelligence  |x Computer simulation  |v Congresses 
650 7 |a Reasoning  |x Computer simulation  |v Congresses 
859 |a DCIC  |b BIB. COMPUTACION  |p 2026